| 000 | 02347cam a2200313 i 4500 | ||
|---|---|---|---|
| 001 | 12522409 | ||
| 005 | 20250929120638.0 | ||
| 008 | 221203s2023 enka b 001 0 eng d | ||
| 020 |
_a1292450029 _qpaperback |
||
| 020 |
_a9781292450025 _qpaperback |
||
| 024 | _a99993065976 | ||
| 035 | _a(OCoLC)on1352790432 | ||
| 035 | _a(CaBVaU)12522409 | ||
| 040 |
_aYDX _beng _cYDX _dYDX _dUtOrBLW |
||
| 050 | 4 |
_aHD58.7 _b.R62 2023 |
|
| 100 | 1 |
_aRobbins, Stephen P., _d1943- _eauthor. |
|
| 245 | 1 | 0 |
_aOrganizational behavior _c/ Stephen P. Robbins, Timothy A. Judge. |
| 250 | _aNineteenth edition. | ||
| 250 | _aGlobal edition. | ||
| 264 | 1 |
_aHarlow ; _aNew York : _bPearson Education Limited, _c2023. |
|
| 300 |
_a798 pages : _billustrations (some color) ; _c28 cm |
||
| 504 | _aIncludes bibliographical references and indexes. | ||
| 505 | 0 | _aWhat is organizational behavior? — Diversity, equity, and inclusion in organizations — Job attitudes — Emotions and moods — Personality and individual differences — Perception and individual decision making — Motivation concepts — Motivation: from concepts to applications — Foundations of group behavior — Understanding work teams — Communication — Leadership — Power and politics — Conflict and negotiation — Foundations of organization structure — Organizational culture and change — Human resource systems and practices — Stress and health in organizations — Appendix: Research in organizational behavior. | |
| 520 |
_a"For undergraduate and graduate courses in organizational behavior. The world's most successful organizational behavior text Organizational Behavior provides the information you want, in the language your students understand. Reflecting the most recent research and events within the field of OB, the 19th Edition continues its hallmark focus on clear writing, cutting-edge content, and intuitive pedagogy. There's a reason why Robbins and Judge's OB textbooks have educated millions of students and have been translated into 20 languages: because of a commitment to provide engaging, cutting-edge material that helps students understand and connect with this important field of study."-- _cPublisher's description. |
||
| 650 | 0 |
_aOrganizational behavior. _92566 |
|
| 650 | 0 |
_aOrganization. _9358 |
|
| 700 | 1 |
_aJudge, Tim, _eeditor. |
|
| 942 | _2lcc | ||
| 999 |
_c4984 _d4984 |
||